Nghiên cứu đề xuất một số mô hình phát triển du lịch sinh thái bền vững tại bán đảo Sơn Trà - thành phố Đà Nẵng.

Spremljeno u:
Bibliografski detalji
Daljnji autori: Trịnh, Thị Hoan, Lê, Thị Phương Lan, Phạm, Thị Lành, Đậu, Thị Mỹ Thêu, Đậu, Thị Hòa PGS.TS. (hướng dẫn)
Format: Knjiga
Jezik:Vietnamese
Izdano: Đà Nẵng Trường Đại học Sư phạm 2012
Teme:
Oznake: Dodaj oznaku
Bez oznaka, Budi prvi tko označuje ovaj zapis!
Thư viện lưu trữ: Mạng thư viện Đại học Đà Nẵng
LEADER 01719nam a2200385 4500
001 000016964
003 13375
005 20130129140155.0
008 130116s2012 viesd
041 |a vie 
082 1 4 |a 915.9751  |b Ngh 
245 1 0 |a Nghiên cứu đề xuất một số mô hình phát triển du lịch sinh thái bền vững tại bán đảo Sơn Trà - thành phố Đà Nẵng.  |c Trịnh Thị Hoan, Lê Thị Phương Lan, Phạm Thị Lành, Đậu Thị Mỹ Thêu ; Đậu Thị Hòa hướng dẫn.  |k Báo cáo khoa học 
260 |a Đà Nẵng  |b Trường Đại học Sư phạm  |c 2012 
300 |a 59 tr., 5  |b mh. màu  |c 29 cm. 
500 |a Công trình tham gia hội nghị sinh viên nghiên cứu khoa học Trường Đại học Sư phạm năm 2012. Khoa Địa Lý 
650 0 4 |a Du lịch sinh thái  |v Báo cáo khoa học  |x Sinh thái biển  |z Đà Nẵng 
653 |a Nghiên cứu khoa học 
653 |a Du lịch sinh thái 
653 |a Sinh thái biển 
700 1 |a Trịnh, Thị Hoan 
700 1 |a Lê, Thị Phương Lan 
700 1 |a Phạm, Thị Lành 
700 1 |a Đậu, Thị Mỹ Thêu 
700 1 |a Đậu, Thị Hòa  |c PGS.TS.  |e hướng dẫn 
OWN |a LSP 
AVA |a UDN50  |b LSP  |d 915.9751 Ngh  |e available  |t Error 5001 Not defined in file expand_doc_bib_avail.  |f 1  |g 0  |h N  |i 0  |k 1 
999 |a From the UDN01 
AVA |a UDN50  |b LSP  |d 915.9751 Ngh  |e available  |t Error 5001 Not defined in file expand_doc_bib_avail.  |f 1  |g 0  |h N  |i 0  |k 1 
TYP |a Mixed Materials 
TYP |a Monograph 
TYP |a Printed language 
980 |a Mạng thư viện Đại học Đà Nẵng